00405nam a2200145Ia 4500003000400000008004100004040001600045082001800061100001800079245007000097260003400167300001000201650002400211650002400235GCL140319s9999 xx 000 0 eng d aGCL / cGCL04a551.5078bB W1 aBAKER, THOMAS10aWEATHER IN THE LAB: SIMULATE NATURE'S PHENOMENA / cBAKER, THOMAS a[S.N] : bTAB BOOKS ، c1993 a145 P04aWEATHER EXPERIMENTS04aWEATHER FORECASTING